ბათუმის შოთა რუსთაველის სახელმწიფო უნივერსიტეტის ბიბლიოთეკა

ქართული ენა 3 კლ. : (ბიბ.ჩანაწერი № 53485)

000 -ლიდერი
ფიქსირებული სიგრძის საკონტროლო ველი 01324nam a2200265Ia 4500
001 - საკონტროლო ნომერი
საკონტროლო ველი 20531
003 - საკონტროლო ნომრის იდენტიფიკატორი
საკონტროლო ველი GE_BSU
005 - ბოლო ოპერაციის თარიღი და დრო
საკონტროლო ველი 20210108215850.0
008 - ფიქსირებული სიგრძის მონაცემთა ელემენტები - ზოგადი ინფორმაცია
ფიქსირებული სიგრძის საკონტროლო ველი 181216s1975||||ge |||||||||||||| ||geo||
040 ## - კატალოგიზაციის წყარო
Transcribing agency GE_BSU
041 ## - ენის კოდი
Language code of text/sound track or separate title geo
080 ## - უნივერსალური ათობითი კლასიფიკაციის ინდექსი
Universal Decimal Classification number 811.353.1-84(075.3=161.1) დ-15
100 ## - მთავარი ჩანაწერი - პიროვნების სახელი
Personal name დავითიანი, აკ.
9 (RLIN) 9839
245 ## - ცნობა სათაურის შესახებ
Title ქართული ენა 3 კლ. :
Remainder of title რუს. სკოლის მე-3 კლასის სახელმძღვ. /
Statement of responsibility, etc აკ. დავითიანი, ვ, მუშკუდიანი ; რედ. : მ. ასდათიანი, ე, ნევეროვსკაია.
250 ## - გამოცემის ცნობა
Edition statement მე-13 გამოცემა
264 ## - წარმოების, გამოცემის, დისტრიბუციის და სხვა ცნობები
გამოცემის, წარმოების, დისტრიბუციის... ადგილი თბილისი :
გამოცემის, წარმოების, დისტრიბუციის... სახელწოდება განათლება,
გამოცემის, წარმოების, დისტრიბუციის... თარიღი 1975.
300 ## - ფიზიკური აღწერა
Extent 143 გვ. :
Other physical details ილ. ;
Dimensions 23 სმ.
653 ## - INDEX TERM--UNCONTROLLED
Uncontrolled term რუსული სკოლის მე-3 კლასის სახელმძღანელო
653 ## - INDEX TERM--UNCONTROLLED
Uncontrolled term ქართული ენა 3 კლასი
700 ## - ADDED ENTRY--PERSONAL NAME
Personal name მუშკუდიანი, ვ.
Relator term ავტორი
9 (RLIN) 9545
700 ## - ADDED ENTRY--PERSONAL NAME
Personal name ასდათიანი, მ.
Relator term რედაქტორი
9 (RLIN) 10010
700 ## - ADDED ENTRY--PERSONAL NAME
Personal name ნევეროვსკაია, ე.
Relator term რედაქტორი
9 (RLIN) 10011
942 ## - ADDED ENTRY ELEMENTS (KOHA)
Koha item type წიგნი
Source of classification or shelving scheme
ეგზემპლარები
ჩამოწერის სტატუსი დაკარგული ეგზემპლარის სტატუსი კლასიფიკაციის წყარო ან თაროზე გაწყობის სქემა დაზიანების სტატუსი არ გაიცემა მუდმივი მდებარეობა (დაცვის ადგილი) ამჟამინდელი ადგილსამყოფელი თაროზე განთავსების ადგილი შეძენის თარიღი ღირებულება, შესყიდვის ნორმალური ფასი სრული შენახვის შიფრი შტრიხკოდი ბოლო ოპერაციის თარიღი ეგზემპლარის მიმდევრობითი ნომერი (კეტერი?) ფასის ძალაში შესვლის თარიღი ეგზემპლარის სახეობა საჯარო შენიშვნა
          ბათუმის შოთა რუსთაველის სახელმწიფო უნივერსიტეტის მთავარი ბიბლიოთეკა ბათუმის შოთა რუსთაველის სახელმწიფო უნივერსიტეტის მთავარი ბიბლიოთეკა წიგნსაცავი 2018-12-17 0.22 811.353.1-84(075.3=161.1) დ-15 53498 2018-12-17 53498 2018-12-17 წიგნი 0.22 ლ.